Library Banner

Switching theory and logic design (Record no. 56148)

MARC details
000 -LEADER
fixed length control field 00444nam a2200169Ia 4500
001 - CONTROL NUMBER
control field 58891
008 - FIXED-LENGTH DATA ELEMENTS--GENERAL INFORMATION
fixed length control field 140507s9999 xx 000 0 und d
020 ## - INTERNATIONAL STANDARD BOOK NUMBER
International Standard Book Number 9789380386904
040 ## - CATALOGING SOURCE
Transcribing agency PK-LaUMT
082 ## - DEWEY DECIMAL CLASSIFICATION NUMBER
Classification number 004.66
Item number SUB-S
100 ## - MAIN ENTRY--PERSONAL NAME
Personal name Subramanyam, M. V.
245 ## - TITLE STATEMENT
Title Switching theory and logic design
Statement of responsibility, etc Subramanyam, M. V.
260 ## - PUBLICATION, DISTRIBUTION, ETC. (IMPRINT)
Place of publication, distribution, etc New Delhi,India:
Name of publisher, distributor, etc University Science Press,
Date of publication, distribution, etc 2013
300 ## - PHYSICAL DESCRIPTION
Extent 783 p.
546 ## - LANGUAGE NOTE
Language note EN
942 ## - ADDED ENTRY ELEMENTS (KOHA)
Koha item type Books
Holdings
Withdrawn status Lost status Source of classification or shelving scheme Damaged status Not for loan Home library Current library Date acquired Total Checkouts Full call number Barcode Date last seen Price effective from Koha item type
    Dewey Decimal Classification     UMT Main Campus UMT Main Campus 2014-05-07   004.66 SUB-S 81057 2014-05-08 2014-05-08 Books
    Dewey Decimal Classification     UMT Main Campus UMT Main Campus 2014-06-28   004.66 SUB-S 81058 2014-06-28 2014-06-28 Books